Państwa bez niektórych liter #1 - Statystyki

Ogólne statystyki
  • Ten quiz został rozwiązany 70 razy
  • Średni wynik to 3 z 6
Statystyki odpowiedzi
Hint Odpowiedź % Poprawnych
_m_n Oman
90%
_ru__aj Urugwaj
84%
G_en__a Grenada
63%
__ls_a Polska
45%
K__b___a Kambodża
43%
_or_an_a Jordania
22%
Nie znaleziono quizów pasujących do podanych kryteriów
Rozkład punktacji
Procent ludzi z każdym wynikiem
Percentyl według liczby udzielonych odpowiedzi
Twoja historia wyników
Nie rozwiązałeś tego quizu